[Event "Estonian Chess Championship 2025"]
[Site "Tallinn, Estonia"]
[Date "2025.12.15"]
[Round "15.2"]
[White "Sirosh, Ilja"]
[Black "Kanep, Meelis"]
[Result "1-0"]
[WhiteTitle "IM"]
[BlackTitle "GM"]
[WhiteElo "2391"]
[BlackElo "2378"]

1. d4 {

[%clk 01:30:57]

} {

[%emt 00:00:02]

} d5 {

[%clk 01:29:21]

} {

[%emt 00:01:39]

} 2. c4 {

[%clk 01:31:20]

} {

[%emt 00:00:07]

} c6 {

[%clk 01:29:29]

} {

[%emt 00:00:23]

} 3. cxd5 {

[%clk 01:31:42]

} {

[%emt 00:00:08]

} cxd5 {

[%clk 01:29:53]

} {

[%emt 00:00:05]

} 4. Bf4 {

[%clk 01:32:03]

} {

[%emt 00:00:09]

} Nc6 {

[%clk 01:28:52]

} {

[%emt 00:01:32]

} 5. e3 {

[%clk 01:32:25]

} {

[%emt 00:00:08]

} Nf6 {

[%clk 01:27:30]

} {

[%emt 00:01:52]

} 6. Nc3 {

[%clk 01:32:48]

} {

[%emt 00:00:07]

} e6 {

[%clk 01:27:15]

} {

[%emt 00:00:45]

} 7. Bd3 {

[%clk 01:32:50]

} {

[%emt 00:00:28]

} Bd6 {

[%clk 01:16:17]

} {

[%emt 00:11:29]

} 8. Bxd6 {

[%clk 01:33:03]

} {

[%emt 00:00:17]

} Qxd6 {

[%clk 01:16:41]

} {

[%emt 00:00:06]

} 9. f4 {

[%clk 01:33:27]

} {

[%emt 00:00:06]

} O-O {

[%clk 01:15:23]

} {

[%emt 00:01:48]

} 10. Nf3 {

[%clk 01:33:51]

} {

[%emt 00:00:05]

} b6 {

[%clk 01:09:38]

} {

[%emt 00:06:15]

} 11. Ne5 {

[%clk 01:25:20]

} {

[%emt 00:09:01]

} Bb7 {

[%clk 01:07:55]

} {

[%emt 00:02:13]

} 12. O-O {

[%clk 01:19:10]

} {

[%emt 00:06:39]

} Nb4 {

[%clk 01:03:29]

} {

[%emt 00:04:57]

} 13. Bb1 {

[%clk 01:17:41]

} {

[%emt 00:01:59]

} Ne4 {

[%clk 00:56:04]

} {

[%emt 00:07:55]

} 14. a3 {

[%clk 01:12:05]

} {

[%emt 00:06:06]

} Na6 {

[%clk 00:54:46]

} {

[%emt 00:01:48]

} 15. Nb5 {

[%clk 00:50:06]

} {

[%emt 00:22:29]

} Qe7 {

[%clk 00:53:34]

} {

[%emt 00:01:42]

} 16. Bxe4 {

[%clk 00:50:23]

} {

[%emt 00:00:13]

} dxe4 {

[%clk 00:53:57]

} {

[%emt 00:00:07]

} 17. Rc1 {

[%clk 00:50:12]

} {

[%emt 00:00:40]

} f6 {

[%clk 00:48:46]

} {

[%emt 00:05:42]

} 18. Nc4 {

[%clk 00:47:55]

} {

[%emt 00:02:46]

} Qd7 {

[%clk 00:34:01]

} {

[%emt 00:15:15]

} 19. Ncd6 {

[%clk 00:42:47]

} {

[%emt 00:05:38]

} Bc6 {

[%clk 00:31:06]

} {

[%emt 00:03:25]

} 20. Qb3 {

[%clk 00:42:34]

} {

[%emt 00:00:43]

} Bxb5 {

[%clk 00:24:45]

} {

[%emt 00:06:51]

} 21. Nxb5 {

[%clk 00:41:29]

} {

[%emt 00:01:35]

} g6 {

[%emt 00:24:24]

} 22. Rc2 {

[%clk 00:33:20]

} {

[%emt 00:05:11]

} Rfc8 {

[%clk 00:02:07]

} {

[%emt 00:02:42]

} 23. Rxc8+ {

[%clk 00:33:19]

} {

[%emt 00:00:31]

} Qxc8 {

[%clk 00:01:28]

} {

[%emt 00:01:08]

} 24. Nd6 {

[%clk 00:33:40]

} {

[%emt 00:00:09]

} Qd7 {

[%clk 00:01:22]

} {

[%emt 00:00:37]

} 25. Nxe4 {

[%clk 00:34:04]

} {

[%emt 00:00:06]

} Kg7 {

[%clk 00:01:43]

} {

[%emt 00:00:09]

} 26. Rc1 {

[%clk 00:30:20]

} {

[%emt 00:04:14]

} Rc8 {

[%clk 00:01:28]

} {

[%emt 00:00:45]

} 27. Rxc8 {

[%clk 00:30:25]

} {

[%emt 00:00:25]

} Qxc8 {

[%clk 00:01:56]

} {

[%emt 00:00:01]

} 28. Qc3 {

[%clk 00:30:38]

} {

[%emt 00:00:17]

} Qd8 {

[%clk 00:00:45]

} {

[%emt 00:01:41]

} 29. Qc6 {

[%clk 00:28:27]

} {

[%emt 00:02:41]

} Qd5 {

[%clk 00:00:49]

} {

[%emt 00:00:26]

} 30. Qxd5 {

[%clk 00:28:28]

} {

[%emt 00:00:29]

} exd5 {

[%clk 00:01:18]

} {

[%emt 00:00:01]

} 31. Nd6 {

[%clk 00:28:51]

} {

[%emt 00:00:07]

} Nb8 {

[%clk 00:00:57]

} {

[%emt 00:00:51]

} 32. Ne8+ {

[%clk 00:29:04]

} {

[%emt 00:00:17]

} Kf7 {

[%clk 00:00:52]

} {

[%emt 00:00:35]

} 33. Nc7 {

[%clk 00:29:27]

} {

[%emt 00:00:06]

} Nc6 {

[%clk 00:01:09]

} {

[%emt 00:00:14]

} 34. Nxd5 {

[%clk 00:29:01]

} {

[%emt 00:00:56]

} Na5 {

[%clk 00:01:33]

} {

[%emt 00:00:05]

} 35. Nc3 {

[%clk 00:26:14]

} {

[%emt 00:03:18]

} Nc4 {

[%clk 00:01:49]

} {

[%emt 00:00:14]

} 36. Nd1 {

[%clk 00:26:38]

} {

[%emt 00:00:05]

} f5 {

[%clk 00:02:00]

} {

[%emt 00:00:19]

} 37. Kf2 {

[%clk 00:26:48]

} {

[%emt 00:00:19]

} Ke6 {

[%clk 00:01:48]

} {

[%emt 00:00:42]

} 38. Ke2 {

[%clk 00:27:12]

} {

[%emt 00:00:06]

} b5 {

[%clk 00:01:34]

} {

[%emt 00:00:44]

} 39. Kd3 {

[%clk 00:27:33]

} {

[%emt 00:00:09]

} Kd5 {

[%clk 00:01:12]

} {

[%emt 00:00:52]

} 40. a4 {

[%clk 00:42:50]

} {

[%emt 00:00:13]

} a6 {

[%clk 00:16:17]

} {

[%emt 00:00:25]

} 41. axb5 {

[%clk 00:42:02]

} {

[%emt 00:01:18]

} axb5 {

[%clk 00:16:43]

} {

[%emt 00:00:04]

} 42. b3 {

[%clk 00:40:16]

} {

[%emt 00:02:15]

} Nd6 {

[%clk 00:11:30]

} {

[%emt 00:05:43]

} 43. Nc3+ {

[%clk 00:40:36]

} {

[%emt 00:00:10]

} Kc6 {

[%clk 00:11:51]

} {

[%emt 00:00:09]

} 44. b4 {

[%clk 00:40:52]

} {

[%emt 00:00:15]

} 1-0

[Event "Estonian Chess Championship 2025"]
[Site "Tallinn, Estonia"]
[Date "2025.12.16"]
[Round "16.2"]
[White "Kanep, Meelis"]
[Black "Sirosh, Ilja"]
[Result "1-0"]
[WhiteTitle "GM"]
[BlackTitle "IM"]
[WhiteElo "2378"]
[BlackElo "2391"]

1. Nf3 {

[%clk 01:29:01]

} {

[%emt 00:01:58]

} Nf6 {

[%clk 01:30:51]

} {

[%emt 00:00:09]

} 2. b3 {

[%clk 01:29:21]

} {

[%emt 00:00:10]

} g6 {

[%clk 01:29:22]

} {

[%emt 00:01:58]

} 3. Bb2 {

[%clk 01:29:02]

} {

[%emt 00:00:49]

} Bg7 {

[%clk 01:28:55]

} {

[%emt 00:00:58]

} 4. c4 {

[%clk 01:28:42]

} {

[%emt 00:00:50]

} c5 {

[%clk 01:26:36]

} {

[%emt 00:02:49]

} 5. g3 {

[%clk 01:27:26]

} {

[%emt 00:01:46]

} Nc6 {

[%clk 01:26:27]

} {

[%emt 00:00:39]

} 6. Bg2 {

[%clk 01:27:47]

} {

[%emt 00:00:09]

} d6 {

[%clk 01:26:39]

} {

[%emt 00:00:19]

} 7. O-O {

[%clk 01:21:45]

} {

[%emt 00:06:32]

} O-O {

[%clk 01:27:01]

} {

[%emt 00:00:08]

} 8. d4 {

[%clk 01:18:40]

} {

[%emt 00:03:34]

} cxd4 {

[%clk 01:25:59]

} {

[%emt 00:01:32]

} 9. Nxd4 {

[%clk 01:13:55]

} {

[%emt 00:05:16]

} Bd7 {

[%clk 01:25:57]

} {

[%emt 00:00:32]

} 10. e3 {

[%clk 01:08:44]

} {

[%emt 00:05:41]

} Nxd4 {

[%clk 01:14:03]

} {

[%emt 00:12:24]

} 11. exd4 {

[%clk 01:03:23]

} {

[%emt 00:05:50]

} d5 {

[%clk 01:14:18]

} {

[%emt 00:00:15]

} 12. Nc3 {

[%clk 01:01:49]

} {

[%emt 00:02:04]

} dxc4 {

[%clk 01:02:11]

} {

[%emt 00:12:38]

} 13. bxc4 {

[%clk 01:01:46]

} {

[%emt 00:00:32]

} Rc8 {

[%clk 01:02:33]

} {

[%emt 00:00:07]

} 14. Qb3 {

[%clk 00:57:41]

} {

[%emt 00:04:36]

} Bf5 {

[%clk 00:54:59]

} {

[%emt 00:08:03]

} 15. Rfe1 {

[%clk 00:54:34]

} {

[%emt 00:03:37]

} b6 {

[%clk 00:49:58]

} {

[%emt 00:05:32]

} 16. Nb5 {

[%clk 00:49:43]

} {

[%emt 00:05:21]

} Qd7 {

[%clk 00:49:35]

} {

[%emt 00:00:53]

} 17. d5 {

[%clk 00:46:37]

} {

[%emt 00:03:35]

} Rfe8 {

[%clk 00:45:16]

} {

[%emt 00:04:50]

} 18. Rad1 {

[%clk 00:37:56]

} {

[%emt 00:09:11]

} a6 {

[%clk 00:31:23]

} {

[%emt 00:14:23]

} 19. Nd4 {

[%clk 00:37:12]

} {

[%emt 00:01:14]

} Bh3 {

[%clk 00:31:28]

} {

[%emt 00:00:25]

} 20. Bh1 {

[%clk 00:23:32]

} {

[%emt 00:14:10]

} b5 {

[%clk 00:13:54]

} {

[%emt 00:18:04]

} 21. cxb5 {

[%clk 00:22:44]

} {

[%emt 00:01:18]

} axb5 {

[%clk 00:14:23]

} {

[%emt 00:00:01]

} 22. Nc6 {

[%clk 00:21:01]

} {

[%emt 00:02:13]

} Ng4 {

[%clk 00:06:14]

} {

[%emt 00:08:39]

} 23. Bxg7 {

[%clk 00:20:20]

} {

[%emt 00:01:12]

} Kxg7 {

[%clk 00:06:42]

} {

[%emt 00:00:02]

} 24. Qxb5 {

[%clk 00:19:21]

} {

[%emt 00:01:29]

} Ra8 {

[%clk 00:04:26]

} {

[%emt 00:02:46]

} 25. a4 {

[%clk 00:17:06]

} {

[%emt 00:02:45]

} Qd6 {

[%clk 00:04:09]

} {

[%emt 00:00:47]

} 26. Qb2+ {

[%clk 00:16:19]

} {

[%emt 00:01:17]

} Kg8 {

[%clk 00:04:29]

} {

[%emt 00:00:10]

} 27. a5 {

[%clk 00:15:33]

} {

[%emt 00:01:16]

} h5 {

[%clk 00:03:20]

} {

[%emt 00:01:39]

} 28. Rd2 {

[%clk 00:14:17]

} {

[%emt 00:01:46]

} e6 {

[%clk 00:02:06]

} {

[%emt 00:01:44]

} 29. dxe6 {

[%clk 00:09:33]

} {

[%emt 00:05:14]

} Rxe6 {

[%clk 00:02:35]

} {

[%emt 00:00:02]

} 30. Rxe6 {

[%clk 00:09:17]

} {

[%emt 00:00:46]

} Qxe6 {

[%clk 00:03:03]

} {

[%emt 00:00:01]

} 31. Re2 {

[%clk 00:08:42]

} {

[%emt 00:01:05]

} Qd6 {

[%clk 00:03:23]

} {

[%emt 00:00:10]

} 32. Qd2 {

[%clk 00:08:31]

} {

[%emt 00:00:41]

} Qf6 {

[%clk 00:01:30]

} {

[%emt 00:02:23]

} 33. Ne7+ {

[%clk 00:08:14]

} {

[%emt 00:00:47]

} Kh7 {

[%clk 00:01:55]

} {

[%emt 00:00:06]

} 34. Bxa8 {

[%clk 00:08:14]

} {

[%emt 00:00:30]

} Ne5 {

[%clk 00:02:21]

} {

[%emt 00:00:03]

} 35. f4 {

[%clk 00:06:43]

} {

[%emt 00:02:00]

} Qxe7 {

[%clk 00:02:32]

} {

[%emt 00:00:20]

} 36. Bg2 {

[%clk 00:03:20]

} {

[%emt 00:03:53]

} 1-0

[Event "Estonian Chess Championship 2025 - Rapid tie-breaks"]
[Site "Tallinn, Estonia"]
[Date "2025.12.16"]
[Round "17.2"]
[White "Kanep, Meelis"]
[Black "Sirosh, Ilja"]
[Result "1/2-1/2"]
[WhiteTitle "GM"]
[BlackTitle "IM"]
[WhiteElo "2378"]
[BlackElo "2391"]

1. d4 {

[%clk 00:15:03]

} {

[%emt 00:00:02]

} Nf6 {

[%clk 00:15:05]

} {

[%emt 00:00:02]

} 2. c4 {

[%clk 00:15:01]

} {

[%emt 00:00:03]

} g6 {

[%clk 00:15:06]

} {

[%emt 00:00:03]

} 3. Nc3 {

[%clk 00:15:02]

} {

[%emt 00:00:02]

} d5 {

[%clk 00:15:08]

} {

[%emt 00:00:02]

} 4. Nf3 {

[%clk 00:14:34]

} {

[%emt 00:00:30]

} Bg7 {

[%clk 00:15:09]

} {

[%emt 00:00:02]

} 5. e3 {

[%clk 00:14:26]

} {

[%emt 00:00:10]

} O-O {

[%clk 00:15:03]

} {

[%emt 00:00:10]

} 6. cxd5 {

[%clk 00:14:10]

} {

[%emt 00:00:19]

} Nxd5 {

[%clk 00:15:04]

} {

[%emt 00:00:02]

} 7. Bc4 {

[%clk 00:14:09]

} {

[%emt 00:00:04]

} Nxc3 {

[%clk 00:15:02]

} {

[%emt 00:00:06]

} 8. bxc3 {

[%clk 00:14:10]

} {

[%emt 00:00:02]

} c5 {

[%clk 00:15:03]

} {

[%emt 00:00:02]

} 9. O-O {

[%clk 00:14:07]

} {

[%emt 00:00:05]

} Qc7 {

[%clk 00:15:04]

} {

[%emt 00:00:02]

} 10. Be2 {

[%clk 00:13:42]

} {

[%emt 00:00:28]

} b6 {

[%clk 00:14:50]

} {

[%emt 00:00:18]

} 11. Bb2 {

[%clk 00:11:22]

} {

[%emt 00:02:22]

} Bb7 {

[%clk 00:14:42]

} {

[%emt 00:00:11]

} 12. Qb3 {

[%clk 00:09:13]

} {

[%emt 00:02:12]

} Nc6 {

[%clk 00:14:28]

} {

[%emt 00:00:18]

} 13. dxc5 {

[%clk 00:07:22]

} {

[%emt 00:01:53]

} Na5 {

[%clk 00:14:29]

} {

[%emt 00:00:03]

} 14. Qa3 {

[%clk 00:06:55]

} {

[%emt 00:00:30]

} Rfc8 {

[%clk 00:12:37]

} {

[%emt 00:01:55]

} 15. cxb6 {

[%clk 00:06:12]

} {

[%emt 00:00:46]

} axb6 {

[%clk 00:12:39]

} {

[%emt 00:00:01]

} 16. Qb4 {

[%clk 00:05:58]

} {

[%emt 00:00:17]

} Nc4 {

[%clk 00:10:36]

} {

[%emt 00:02:05]

} 17. Bxc4 {

[%clk 00:05:58]

} {

[%emt 00:00:03]

} Qxc4 {

[%clk 00:10:39]

} {

[%emt 00:00:01]

} 18. Qxc4 {

[%clk 00:05:09]

} {

[%emt 00:00:53]

} Rxc4 {

[%clk 00:10:41]

} 19. Rfc1 {

[%clk 00:03:47]

} {

[%emt 00:01:25]

} e6 {

[%clk 00:06:42]

} {

[%emt 00:04:02]

} 20. a3 {

[%clk 00:03:20]

} {

[%emt 00:00:30]

} Rac8 {

[%clk 00:04:42]

} {

[%emt 00:02:02]

} 21. h3 {

[%clk 00:02:52]

} {

[%emt 00:00:31]

} Bxf3 {

[%clk 00:02:31]

} {

[%emt 00:02:14]

} 22. gxf3 {

[%clk 00:02:52]

} {

[%emt 00:00:02]

} Bxc3 {

[%clk 00:02:33]

} {

[%emt 00:00:02]

} 23. Rxc3 {

[%clk 00:02:50]

} {

[%emt 00:00:05]

} Rxc3 {

[%clk 00:02:35]

} 24. Bxc3 {

[%clk 00:02:52]

} {

[%emt 00:00:01]

} Rxc3 {

[%clk 00:02:37]

} {

[%emt 00:00:01]

} 25. Rb1 {

[%clk 00:02:51]

} {

[%emt 00:00:03]

} Rxa3 {

[%clk 00:02:36]

} {

[%emt 00:00:05]

} 1/2-1/2

[Event "Estonian Chess Championship 2025 - Rapid tie-breaks"]
[Site "Tallinn, Estonia"]
[Date "2025.12.16"]
[Round "18.2"]
[White "Sirosh, Ilja"]
[Black "Kanep, Meelis"]
[Result "0-1"]
[WhiteTitle "IM"]
[BlackTitle "GM"]
[WhiteElo "2391"]
[BlackElo "2378"]

1. d4 {

[%clk 00:15:04]

} d5 {

[%clk 00:15:01]

} {

[%emt 00:00:05]

} 2. c4 {

[%clk 00:15:06]

} {

[%emt 00:00:01]

} e6 {

[%clk 00:15:03]

} {

[%emt 00:00:02]

} 3. Nf3 {

[%clk 00:15:07]

} {

[%emt 00:00:02]

} a6 {

[%clk 00:14:59]

} {

[%emt 00:00:07]

} 4. Bg5 {

[%clk 00:15:07]

} {

[%emt 00:00:03]

} Be7 {

[%clk 00:14:51]

} {

[%emt 00:00:11]

} 5. Bxe7 {

[%clk 00:15:08]

} {

[%emt 00:00:02]

} Nxe7 {

[%clk 00:14:51]

} {

[%emt 00:00:02]

} 6. e3 {

[%clk 00:14:45]

} {

[%emt 00:00:26]

} O-O {

[%clk 00:14:11]

} {

[%emt 00:00:43]

} 7. Nc3 {

[%clk 00:14:45]

} {

[%emt 00:00:03]

} c5 {

[%clk 00:12:21]

} {

[%emt 00:01:53]

} 8. cxd5 {

[%clk 00:14:21]

} {

[%emt 00:00:27]

} Nxd5 {

[%clk 00:11:55]

} {

[%emt 00:00:28]

} 9. Bc4 {

[%clk 00:11:03]

} {

[%emt 00:03:22]

} Nxc3 {

[%clk 00:10:53]

} {

[%emt 00:01:05]

} 10. bxc3 {

[%clk 00:11:04]

} {

[%emt 00:00:01]

} Qa5 {

[%clk 00:10:48]

} {

[%emt 00:00:08]

} 11. O-O {

[%clk 00:10:38]

} {

[%emt 00:00:29]

} Qxc3 {

[%clk 00:10:23]

} {

[%emt 00:00:28]

} 12. Rc1 {

[%clk 00:10:38]

} {

[%emt 00:00:03]

} Qa5 {

[%clk 00:10:13]

} {

[%emt 00:00:13]

} 13. Bd3 {

[%clk 00:08:29]

} {

[%emt 00:02:12]

} cxd4 {

[%clk 00:09:47]

} {

[%emt 00:00:30]

} 14. exd4 {

[%clk 00:08:19]

} {

[%emt 00:00:13]

} Nd7 {

[%clk 00:09:16]

} {

[%emt 00:00:34]

} 15. Re1 {

[%clk 00:07:34]

} {

[%emt 00:00:48]

} h6 {

[%clk 00:06:50]

} {

[%emt 00:02:29]

} 16. Bb1 {

[%clk 00:06:10]

} {

[%emt 00:01:27]

} Rd8 {

[%clk 00:05:11]

} {

[%emt 00:01:42]

} 17. Qd3 {

[%clk 00:05:38]

} {

[%emt 00:00:35]

} Qf5 {

[%clk 00:04:36]

} {

[%emt 00:00:38]

} 18. Qc3 {

[%clk 00:05:16]

} {

[%emt 00:00:25]

} Qf6 {

[%clk 00:04:24]

} {

[%emt 00:00:15]

} 19. Ne5 {

[%clk 00:05:16]

} {

[%emt 00:00:03]

} Nxe5 {

[%clk 00:04:01]

} {

[%emt 00:00:26]

} 20. dxe5 {

[%clk 00:05:17]

} {

[%emt 00:00:02]

} Qg5 {

[%clk 00:03:10]

} {

[%emt 00:00:54]

} 21. Re3 {

[%clk 00:04:47]

} {

[%emt 00:00:33]

} Bd7 {

[%clk 00:03:10]

} {

[%emt 00:00:03]

} 22. Rce1 {

[%clk 00:03:53]

} {

[%emt 00:00:57]

} Bc6 {

[%clk 00:02:48]

} {

[%emt 00:00:26]

} 23. g3 {

[%clk 00:02:43]

} {

[%emt 00:01:13]

} Rd7 {

[%clk 00:02:38]

} {

[%emt 00:00:13]

} 24. h4 {

[%clk 00:02:20]

} {

[%emt 00:00:25]

} Qg4 {

[%clk 00:02:11]

} {

[%emt 00:00:31]

} 25. Be4 {

[%clk 00:02:18]

} {

[%emt 00:00:05]

} Bxe4 {

[%clk 00:02:02]

} {

[%emt 00:00:12]

} 26. Rxe4 {

[%clk 00:02:19]

} {

[%emt 00:00:01]

} Qf5 {

[%clk 00:01:58]

} {

[%emt 00:00:07]

} 27. Kg2 {

[%clk 00:01:52]

} {

[%emt 00:00:30]

} Rad8 {

[%clk 00:01:56]

} {

[%emt 00:00:05]

} 28. Rf4 {

[%clk 00:01:13]

} {

[%emt 00:00:43]

} Qd3 {

[%clk 00:01:48]

} {

[%emt 00:00:10]

} 29. Re3 {

[%clk 00:01:06]

} {

[%emt 00:00:10]

} Qd5+ {

[%clk 00:01:46]

} {

[%emt 00:00:06]

} 30. Ref3 {

[%clk 00:01:01]

} {

[%emt 00:00:09]

} Qxa2 {

[%clk 00:01:43]

} {

[%emt 00:00:05]

} 31. Rg4 {

[%clk 00:00:55]

} {

[%emt 00:00:08]

} Qd5 {

[%clk 00:01:13]

} {

[%emt 00:00:33]

} 32. Qe3 {

[%clk 00:00:54]

} {

[%emt 00:00:04]

} Qd2 {

[%clk 00:01:12]

} {

[%emt 00:00:04]

} 33. Qb3 {

[%clk 00:00:37]

} {

[%emt 00:00:20]

} b5 {

[%clk 00:01:04]

} {

[%emt 00:00:10]

} 34. Qb1 {

[%clk 00:00:20]

} {

[%emt 00:00:22]

} Rd4 {

[%clk 00:00:42]

} {

[%emt 00:00:25]

} 35. Rxd4 {

[%clk 00:00:12]

} {

[%emt 00:00:10]

} Qxd4 {

[%clk 00:00:44]

} {

[%emt 00:00:01]

} 36. Ra3 {

[%clk 00:00:12]

} {

[%emt 00:00:03]

} Qxe5 {

[%clk 00:00:34]

} {

[%emt 00:00:12]

} 37. Rxa6 {

[%clk 00:00:14]

} {

[%emt 00:00:02]

} g6 {

[%clk 00:00:31]

} {

[%emt 00:00:06]

} 38. Rb6 {

[%clk 00:00:12]

} {

[%emt 00:00:05]

} Rd5 {

[%clk 00:00:32]

} {

[%emt 00:00:02]

} 39. Rb7 {

[%clk 00:00:08]

} {

[%emt 00:00:07]

} Kg7 {

[%clk 00:00:29]

} {

[%emt 00:00:06]

} 40. Qa2 {

[%clk 00:00:07]

} {

[%emt 00:00:03]

} Qe4+ {

[%clk 00:00:28]

} {

[%emt 00:00:04]

} 41. Kh2 {

[%clk 00:00:07]

} {

[%emt 00:00:04]

} Rf5 {

[%clk 00:00:24]

} {

[%emt 00:00:06]

} 42. Qb2+ {

[%clk 00:00:07]

} {

[%emt 00:00:02]

} Qe5 {

[%clk 00:00:26]

} {

[%emt 00:00:01]

} 43. Rxb5 {

[%clk 00:00:06]

} {

[%emt 00:00:04]

} Rxf2+ {

[%clk 00:00:19]

} {

[%emt 00:00:10]

} 44. Qxf2 {

[%clk 00:00:07]

} Qxb5 {

[%clk 00:00:21]

} {

[%emt 00:00:01]

} 45. Qd4+ {

[%clk 00:00:10]

} e5 {

[%clk 00:00:23]

} {

[%emt 00:00:01]

} 46. Qd8 {

[%clk 00:00:11]

} {

[%emt 00:00:02]

} Qe2+ {

[%clk 00:00:23]

} {

[%emt 00:00:03]

} 47. Kh3 {

[%clk 00:00:12]

} {

[%emt 00:00:02]

} Qe4 {

[%clk 00:00:25]

} {

[%emt 00:00:01]

} 48. Kh2 {

[%clk 00:00:12]

} {

[%emt 00:00:04]

} Qf5 {

[%clk 00:00:27]

} {

[%emt 00:00:01]

} 49. Qe7 {

[%clk 00:00:13]

} {

[%emt 00:00:02]

} h5 {

[%clk 00:00:28]

} {

[%emt 00:00:02]

} 50. Kg2 {

[%clk 00:00:15]

} Qe4+ {

[%clk 00:00:29]

} {

[%emt 00:00:01]

} 51. Kh2 {

[%clk 00:00:17]

} {

[%emt 00:00:01]

} Qd4 {

[%clk 00:00:32]

} 52. Kg2 {

[%clk 00:00:14]

} {

[%emt 00:00:06]

} e4 {

[%clk 00:00:31]

} {

[%emt 00:00:03]

} 53. Qe8 {

[%clk 00:00:13]

} {

[%emt 00:00:04]

} Qd2+ {

[%clk 00:00:29]

} {

[%emt 00:00:05]

} 54. Kh3 {

[%clk 00:00:13]

} {

[%emt 00:00:02]

} Qd5 {

[%clk 00:00:25]

} {

[%emt 00:00:08]

} 55. Kh2 {

[%clk 00:00:10]

} {

[%emt 00:00:06]

} Qf5 {

[%clk 00:00:26]

} {

[%emt 00:00:02]

} 56. Kg2 {

[%clk 00:00:10]

} {

[%emt 00:00:03]

} Qf3+ {

[%clk 00:00:27]

} {

[%emt 00:00:02]

} 57. Kh2 {

[%clk 00:00:12]

} Qf2+ {

[%clk 00:00:25]

} {

[%emt 00:00:05]

} 58. Kh3 {

[%clk 00:00:14]

} {

[%emt 00:00:01]

} e3 {

[%clk 00:00:26]

} {

[%emt 00:00:02]

} 59. Qe5+ {

[%clk 00:00:16]

} {

[%emt 00:00:01]

} Kh7 {

[%clk 00:00:25]

} {

[%emt 00:00:04]

} 60. g4 {

[%clk 00:00:06]

} {

[%emt 00:00:13]

} e2 {

[%clk 00:00:24]

} {

[%emt 00:00:05]

} 61. gxh5 {

[%clk 00:00:06]

} {

[%emt 00:00:03]

} Qf5+ {

[%clk 00:00:24]

} {

[%emt 00:00:02]

} 0-1

[Event "Estonian Chess Championship 2025"]
[Site "Tallinn, EE"]
[Date "2025.12.17"]
[Round "4.1"]
[White "Chukavin, Kirill"]
[Black "Kanep, Meelis"]
[Result "1-0"]
[Board "1"]
[TimeControl "5400+30"]
[WhiteFideId "4503023"]
[BlackFideId "4501047"]
[WhiteTitle "FM"]
[BlackTitle "GM"]
[WhiteElo "2358"]
[BlackElo "2378"]
[WhiteTeam "EST"]
[BlackTeam "EST"]
[WhiteClock "0:08:48"]
[BlackClock "0:08:50"]
[Variant "Standard"]

1. e4 {

[%clk 1:27:23]

}  d6 {

[%clk 1:27:38]

} 2. d4 {

[%clk 1:27:21]

}  Nf6 {

[%clk 1:28:00]

} 3. Nc3 {

[%clk 1:27:40]

}  e5 {

[%clk 1:28:24]

} 4. Nf3 {

[%clk 1:27:05]

}  Nbd7 {

[%clk 1:28:43]

} 5. Bc4 {

[%clk 1:26:53]

}  Be7 {

[%clk 1:29:01]

} 6. O-O {

[%clk 1:26:53]

}  O-O {

[%clk 1:29:24]

} 7. Re1 {

[%clk 1:24:35]

}  c6 {

[%clk 1:24:12]

} 8. a4 {

[%clk 1:24:54]

}  h6 {

[%clk 1:24:32]

} 9. h3 {

[%clk 1:21:24]

}  Re8 {

[%clk 1:22:42]

} 10. Ba2 {

[%clk 1:19:52]

}  Qc7 {

[%clk 1:13:58]

} 11. Nh4 {

[%clk 1:14:35]

}  Nf8 {

[%clk 1:07:11]

} 12. dxe5 {

[%clk 1:08:47]

}  dxe5 {

[%clk 1:04:53]

} 13. Qf3 {

[%clk 0:50:14]

}  Be6 {

[%clk 1:02:12]

} 14. Nf5 {

[%clk 0:50:04]

}  Bxf5 {

[%clk 1:00:53]

} 15. exf5 {

[%clk 0:48:45]

}  Bb4 {

[%clk 0:43:13]

} 16. Ne4 {

[%clk 0:43:25]

}  N8h7 {

[%clk 0:42:54]

} 17. c3 {

[%clk 0:42:26]

}  Bf8 {

[%clk 0:42:50]

} 18. Qg3 {

[%clk 0:34:11]

}  Kh8 {

[%clk 0:36:49]

} 19. Nxf6 {

[%clk 0:32:54]

}  Nxf6 {

[%clk 0:37:00]

} 20. Qh4 {

[%clk 0:32:54]

}  Nd5 {

[%clk 0:29:44]

} 21. f6 {

[%clk 0:27:35]

}  Nxf6 {

[%clk 0:25:44]

} 22. Bxh6 {

[%clk 0:27:57]

}  Nd5 {

[%clk 0:22:26]

} 23. c4 {

[%clk 0:14:27]

}  gxh6 {

[%clk 0:19:46]

} 24. cxd5 {

[%clk 0:14:51]

}  cxd5 {

[%clk 0:18:38]

} 25. Bxd5 {

[%clk 0:14:34]

}  Bg7 {

[%clk 0:18:32]

} 26. Qh5 {

[%clk 0:13:50]

}  Re7 {

[%clk 0:15:02]

} 27. Be4 {

[%clk 0:13:09]

}  Qd7 {

[%clk 0:13:52]

} 28. Ra3 {

[%clk 0:12:02]

}  Qd2 {

[%clk 0:12:54]

} 29. Rae3 {

[%clk 0:11:31]

}  Qd7 {

[%clk 0:10:45]

} 30. Rd3 {

[%clk 0:09:53]

}  Qxa4 {

[%clk 0:08:28]

} 31. Qf5 {

[%clk 0:08:57]

}  Kg8 {

[%clk 0:08:50]

} 32. Qh7+ {

[%clk 0:08:48]

} 1-0